|
|
|
|
| LEADER |
00000nam0a2200000 4500 |
| 001 |
125348 |
| 005 |
20231101215927.0 |
| 035 |
|
|
|a (RuTPU)RU\TPU\book\135643
|
| 090 |
|
|
|a 125348
|
| 100 |
|
|
|a 20071115d1978 km y0rusy50 ca
|
| 101 |
0 |
|
|a rus
|
| 102 |
|
|
|a RU
|
| 105 |
|
|
|a a z 001zy
|
| 200 |
1 |
|
|a Критерии прогнозной оценки территорий на твердые полезные ископаемые
|f под ред. Д. В. Рундквиста
|
| 210 |
|
|
|a Ленинград
|c Недра
|d 1978
|
| 215 |
|
|
|a 607 с.
|c ил.
|
| 316 |
|
|
|5 63413507: КР-7337
|a На форзаце владельческая подпись: «Л. Рихванов г. Томск апрель, 1979 г.»
|
| 317 |
|
|
|5 63413507: КР-7337
|a Поступил в НТБ в 2021 г. в дар от семьи профессора ТПУ Л. П. Рихванова
|
| 320 |
|
|
|a Библиография в конце глав
|
| 330 |
|
|
|a В книге суммированы закономерности размещения, рудоконтролирующие факторы и критерии прогнозирования главнейших формационныч типов рудных и неметаллических полезных ископаемых — черных и цветных металлов, слюд, агросырья, асбеста и др. На основании анализа геологического строения территории СССР и его отдельных регионов выделены наиболее благоприятные для освоения типы месторождений и предложена методика последовательной детализации перспективных площадей при использовании критериев прогнозирования. Рассмотрены принципы оценки масштабов возможной рудоноености территорий, приведены рекомендации по совершенствованию методов проведения поисковых и оценочных работ в зависимости от прогнозируемых типов оруденения.Суммированные в книге материалы могут быть использованы при проведении средне-крупномасштабных прогнозно-металлогенических исследований, выборе первоочередных площадей для постановки геологосъемочных и поисковых работ, а также в процессе их осуществления при прогнозной оценке территорий. Книга рассчитана на широкий круг геологов-съемщиков, поисковиков, специалистов в области минерагении, геологии рудных и неметаллических полезных ископаемых.
|
| 606 |
1 |
|
|a Месторождения полезных ископаемых
|x Оценка
|2 stltpush
|3 (RuTPU)RU\TPU\subj\42239
|9 61926
|
| 610 |
1 |
|
|a твердые полезные ископаемые
|
| 610 |
1 |
|
|a оценка
|
| 610 |
1 |
|
|a прогноз
|
| 610 |
1 |
|
|a типы
|
| 610 |
1 |
|
|a Библиотека Л. П. Рихванова
|
| 610 |
1 |
|
|a дары библиотеке
|
| 610 |
1 |
|
|a владельческие подписи
|
| 675 |
|
|
|a 553.048
|v 3
|
| 702 |
|
1 |
|a Рундквист
|b Д. В.
|g Дмитрий Васильевич
|4 340
|
| 801 |
|
1 |
|a RU
|b 63413507
|c 20071115
|g PSBO
|
| 801 |
|
2 |
|a RU
|b 63413507
|c 20220830
|g PSBO
|
| 942 |
|
|
|c BK
|